00466nam a2200133 a 4500008004100000020001800041050001400059100002000073245011700093250001300210260003300223300003900256650003700295130408s2009 ||||||||||||||||| || u a9780071221818 aQR 63 Bro aBrown, Alfred E10aBenson's Microbiological Applications: laboratory manual in general microbiology. (12th ed.)cby Alfred E. Brown a12th ed. aNew York:bMcGraw-Hillc2009 axvi, 515p. (various pagings): ill. aMICROBIOLOGY--LABORATORY MANUALS